000 00620nam a2200229Ia 4500
003 OSt
005 20220926001101.0
006 a|||||r|||| 00| 0
007 ta
008 220923b |||||||| |||| 00| 0 eng d
037 _cGeneral Book
040 _aRTL
_cRTL
_beng
041 _2eng
_aeng
082 _aY:47.2.N5, L9
100 _aChirol Valentine
_9102115
245 0 _aIndian unrest
260 _a New Delhi
_bLight and Life
_c1979
300 _axvi, 371p
_ccm.
650 _aSocial Movements
_934468
942 _hY:47.2.N5, L9
_cGB
_2CC
999 _c600394
_d600394